000
00214 a2200097 4500
001
54757
090
_c
33965
_d
33965
100
_a
Umaira Ahmad
245
_a
Sehar ik asat'ara hai
260
_a
Lahore
_b
Sagar Publications
_c
2002
942
_a
NUST-CAE
999
_c
289830
_d
289830